00606 2200193 4500001002100000005001700021008004100038035002400079040001200103082001200115090001600127245012200143260005500265300002500320650001900345850001200364990001800376990001800394INLIS00000000002387420161103111604.0  0010-111600000000128 aYOPDYOG 223a069 aNUS 069 kat aKATALOG alat berburu dan menangkap ikan koleksi museum Negeri Prop. Sumutc/ editor, Suruhen Purba, Herlan Panggabean aMedanbMuseum Negeri Provinsi Sumatera Utarac1996 av, 51 hlm.c; 20 cm. aKoleksi Museum aYOPDYOG a45818-PD/A.12 a45818-PD/A.12